000
00322nam a22001337a 4500
003
SGT
020
_a
978-1-84619-350-7
082
_a
610
_b
I11M
100
_a
MEZA, JAMES P
245
_a
INTEGRATING NARRATIVE MEDICINE & EVIDENCE BASED MEDICINE
260
_a
LONDON
_b
REDCLIFFE
_c
2011
300
_a
260
942
_2
ddc
_c
BK
999
_c
15232
_d
15232